000 00815 a2200229 4500
003 Nust
005 20170207153254.0
010 _a 2001429647
020 _a3895781622
040 _cNust
082 0 0 _a621.38275
245 1 0 _aFiber optic cables :
_bfundamentals, cable design, system planning /
_c[edited] by G赮ther Mahlke and Peter G诳sing.
250 _a4th rev. and enl. ed.
260 _aMunich :
_bPublicis MCD Corporate Pub.,
_c2001.
300 _a304 p. :
_bill. (some col.) ;
_c23 cm.
650 0 _aFiber optics.
650 0 _aOptical communications.
700 1 _aG诳sing, Peter.
700 1 _aMahlke, G赮ther.
856 4 2 _3Publisher description
_uhttp://www.loc.gov/catdir/description/wiley037/2001429647.html
856 4 2 _3Table of contents
_uhttp://www.loc.gov/catdir/toc/wiley021/2001429647.html
942 _2ddc
_cBK
999 _c182944
_d182944